Medical Emergencies in the dental office (Record no. 24886)

MARC details
000 -LEADER
fixed length control field 00361nam a22001577a 4500
003 - CONTROL NUMBER IDENTIFIER
control field SGT
020 ## - INTERNATIONAL STANDARD BOOK NUMBER
International Standard Book Number 9780323776158
082 ## - DEWEY DECIMAL CLASSIFICATION NUMBER
Classification number 616.025
Item number M23M
100 ## - MAIN ENTRY--PERSONAL NAME
Personal name Malamed, Stanley F.
245 ## - TITLE STATEMENT
Title Medical Emergencies in the dental office
250 ## - EDITION STATEMENT
Edition statement 8th
260 ## - PUBLICATION, DISTRIBUTION, ETC. (IMPRINT)
Name of publisher, distributor, etc Elsevier
Year of Publication 2023
300 ## - PAGE DESCRIPTION
No. of Pages 554
653 ## - KEYWORDS--INDEX TERM
Keyword term Medical Emergencies
942 ## - ADDED ENTRY ELEMENTS (KOHA)
Source of classification or shelving scheme Dewey Decimal Classification
Koha item type Books
942 ## - ADDED ENTRY ELEMENTS (KOHA)
-- 1
Holdings
Withdrawn status Lost status Source of classification or shelving scheme Damaged status Not for loan Home library Current library Shelving location Date acquired Vendor Name SGTU Bill Number Full call number Accession No. (Barcode) Date last seen Bill Date Koha item type Total Checkouts Date last borrowed
    Dewey Decimal Classification     SGT Dental Library SGT Dental Library Reference Book 26/08/2023 Ahuja Book Co. Pvt. Ltd. SGTU 16974 616.025 M23M FD9246 26/08/2023 28/06/2023 Books    
    Dewey Decimal Classification     SGT Dental Library SGT Dental Library Reference Book 26/08/2023 Ahuja Book Co. Pvt. Ltd. SGTU 16974 616.025 M23M FD9247 26/08/2023 28/06/2023 Books    
    Dewey Decimal Classification     SGT Dental Library SGT Dental Library Reference Book 26/08/2023 Ahuja Book Co. Pvt. Ltd. SGTU 16974 616.025 M23M FD9248 22/05/2025 28/06/2023 Books 1 12/05/2025
    Dewey Decimal Classification     SGT Dental Library SGT Dental Library Reference Book 26/08/2023 Ahuja Book Co. Pvt. Ltd. SGTU 16974 616.025 M23M FD9249 24/11/2025 28/06/2023 Books 7 10/11/2025
    Dewey Decimal Classification     SGT Dental Library SGT Dental Library Reference Book 26/08/2023 Ahuja Book Co. Pvt. Ltd. SGTU 16974 616.025 M23M FD9250 13/10/2025 28/06/2023 Books 2 13/10/2025